000 00630nam a22001937a 4500
005 20231116120307.0
010 _aENG-138394
020 _c1150.00
_a9788119403035
035 _aEN-121926
037 _bDBAD
082 _a345.42
_215
100 _aVibhute, K I
_958760
245 _aPSA Pillai Criminal Law
_cBy K I Vibhute
_hEnglish
250 _a15
260 _aGurgaon
_bLexis Nexis
_c2022
270 _a14thn Floor, Building No 10, Tower-B, DLF Cyber City, Phase-II
_bHaryana
_e122002
_k911244774444
_mhelp.in@lexisnexis.com
_l911244774100
300 _a1030p.
_c24cm(pbk)
942 _2ddc
_cEN
_h345.42
_mVIB
999 _c199113
_d199113